[Event "WCO 2016"]
[Site "?"]
[Date "2016.09.13"]
[Round "11"]
[Board "34"]
[WhiteID "4400801"]
[White "Escobar Forero Alder"]
[BlackID "4901045"]
[Black "Gundavaa Bayarsaikhan"]
[Result "1/2-1/2"]
[BlackElo "2492"]
[WhiteElo "2510"]
[LiveChessVersion "1.4.8"]

1. e4 {[%clk 1:30:56]} e5 {[%clk 1:30:53]} 2. Nf3 {[%clk 1:31:13]} Nc6
{[%clk 1:31:14]} 3. Bb5 {[%clk 1:31:37]} a6 {[%clk 1:31:41]} 4. Ba4
{[%clk 1:31:51]} Nf6 {[%clk 1:32:06]} 5. O-O {[%clk 1:32:08]} Be7
{[%clk 1:32:31]} 6. Re1 {[%clk 1:32:05]} b5 {[%clk 1:32:58]} 7. Bb3
{[%clk 1:32:30]} d6 {[%clk 1:33:26]} 8. c3 {[%clk 1:30:30]} O-O {[%clk 1:33:04]}
9. h3 {[%clk 1:30:55]} Na5 {[%clk 1:33:32]} 10. Bc2 {[%clk 1:31:19]} c5
{[%clk 1:33:57]} 11. d4 {[%clk 1:31:45]} Qc7 {[%clk 1:34:24]} 12. Nbd2
{[%clk 1:31:16]} Bd7 {[%clk 1:34:45]} 13. Nf1 {[%clk 1:30:17]} Nc4
{[%clk 1:34:57]} 14. Ng3 {[%clk 1:28:54]} g6 {[%clk 1:33:38]} 15. Bd3
{[%clk 1:27:37]} Nb6 {[%clk 1:31:17]} 16. Bh6 {[%clk 1:19:44]} Rfc8
{[%clk 1:31:36]} 17. Rc1 {[%clk 1:20:12]} a5 {[%clk 1:27:25]} 18. Qe2
{[%clk 1:09:40]} c4 {[%clk 1:23:11]} 19. Bb1 {[%clk 1:09:58]} Na4
{[%clk 1:23:12]} 20. Qd2 {[%clk 1:06:47]} Ne8 {[%clk 1:11:06]} 21. Nf1
{[%clk 1:02:06]} Bc6 {[%clk 0:54:07]} 22. Ne3 {[%clk 1:01:35]} Rd8
{[%clk 0:52:48]} 23. h4 {[%clk 0:42:02]} Qb7 {[%clk 0:48:41]} 24. Nd5
{[%clk 0:33:43]} Bxd5 {[%clk 0:42:02]} 25. exd5 {[%clk 0:34:10]} Nf6
{[%clk 0:42:23]} 26. dxe5 {[%clk 0:28:17]} dxe5 {[%clk 0:42:38]} 27. Nxe5
{[%clk 0:27:49]} Nxd5 {[%clk 0:22:32]} 28. h5 {[%clk 0:24:45]} Ra6
{[%clk 0:20:42]} 29. Be4 {[%clk 0:19:20]} Re6 {[%clk 0:19:27]} 30. Bf3
{[%clk 0:18:48]} Nab6 {[%clk 0:15:34]} 31. Ng4 {[%clk 0:12:47]} Qc8
{[%clk 0:10:01]} 32. Rxe6 {[%clk 0:10:10]} Qxe6 {[%clk 0:10:07]} 33. Re1
{[%clk 0:10:13]} Qd6 {[%clk 0:09:41]} 34. Qd4 {[%clk 0:08:16]} f6
{[%clk 0:09:20]} 35. hxg6 {[%clk 0:08:03]} hxg6 {[%clk 0:09:08]} 36. Bc1
{[%clk 0:08:10]} Bf8 {[%clk 0:05:44]} 37. Bxd5+ {[%clk 0:04:48]} Nxd5
{[%clk 0:06:07]} 38. Qxd5+ {[%clk 0:05:03]} Qxd5 {[%clk 0:06:16]} 39. Nxf6+
{[%clk 0:05:31]} Kf7 {[%clk 0:06:41]} 40. Nxd5 {[%clk 0:35:57]} Rxd5
{[%clk 0:37:09]} 41. Be3 {[%clk 0:35:35]} Bc5 {[%clk 0:18:17]} 42. Bxc5
{[%clk 0:28:55]} Rxc5 {[%clk 0:18:36]} 43. Kf1 {[%clk 0:29:24]} b4
{[%clk 0:16:42]} 44. Re4 {[%clk 0:29:14]} b3 {[%clk 0:13:20]} 45. axb3
{[%clk 0:22:13]} cxb3 {[%clk 0:13:36]} 46. Rd4 {[%clk 0:19:29]} Rh5
{[%clk 0:08:20]} 47. Ke2 {[%clk 0:18:11]} Ke6 {[%clk 0:07:32]} 48. Kd3
{[%clk 0:05:35]} Rh1 {[%clk 0:06:44]} 49. Kc4 {[%clk 0:05:27]} a4
{[%clk 0:06:31]} 50. Kb4 {[%clk 0:05:41]} Rb1 {[%clk 0:04:12]} 51. Kxa4
{[%clk 0:00:50]} Rxb2 {[%clk 0:04:39]} 52. Rf4 {[%clk 0:01:12]} g5
{[%clk 0:03:12]} 53. Rf8 {[%clk 0:00:56]} Rb1 {[%clk 0:03:03]} 54. Ka3
{[%clk 0:01:12]} Kd5 {[%clk 0:02:58]} 55. Rc8 {[%clk 0:00:38]} g4
{[%clk 0:03:25]} 56. f4 Ke4 {[%clk 0:03:17]} 57. Rf8 {[%clk 0:01:00]} Kd3
{[%clk 0:03:32]} 58. Re8 {[%clk 0:00:45]} Kc2 {[%clk 0:03:07]} 59. Re2+
{[%clk 0:01:02]} Kxc3 {[%clk 0:03:34]} 60. Re3+ {[%clk 0:01:23]} Kc4
{[%clk 0:03:45]} 61. Rg3 {[%clk 0:00:47]} Ra1+ {[%clk 0:01:10]} 62. Kb2
{[%clk 0:01:15]} Ra2+ {[%clk 0:01:35]} 63. Kb1 {[%clk 0:01:39]} Rf2
{[%clk 0:01:52]} 64. Rxg4 {[%clk 0:01:23]} Rf1+ {[%clk 0:02:16]} 65. Kb2
{[%clk 0:01:53]} Rf2+ {[%clk 0:02:42]} 66. Kb1 {[%clk 0:02:20]} Rf1+
{[%clk 0:03:10]} 67. Kb2 {[%clk 0:02:46]} 1/2-1/2

[Event "WCO 2016"]
[Site "?"]
[Date "2016.09.13"]
[Round "11"]
[Board "35"]
[WhiteID "4900847"]
[White "Batchuluun Tsegmed"]
[BlackID "4401824"]
[Black "Barrientos Sergio E"]
[Result "1-0"]
[BlackElo "2465"]
[WhiteElo "2513"]
[LiveChessVersion "1.4.8"]

1. d4 {[%clk 1:30:57]} Nf6 {[%clk 1:30:56]} 2. c4 {[%clk 1:31:20]} e6
{[%clk 1:31:23]} 3. Nf3 {[%clk 1:31:44]} c5 {[%clk 1:31:44]} 4. d5
{[%clk 1:32:10]} exd5 {[%clk 1:32:09]} 5. cxd5 {[%clk 1:32:37]} d6
{[%clk 1:32:32]} 6. Nc3 {[%clk 1:33:03]} g6 {[%clk 1:32:55]} 7. e4
{[%clk 1:33:29]} Bg7 {[%clk 1:33:08]} 8. h3 {[%clk 1:33:49]} O-O {[%clk 1:33:31]}
9. Bd3 {[%clk 1:34:17]} Na6 {[%clk 1:31:15]} 10. O-O {[%clk 1:33:21]} Nc7
{[%clk 1:31:31]} 11. Re1 {[%clk 1:29:15]} a6 {[%clk 1:23:12]} 12. a4
{[%clk 1:29:40]} b6 {[%clk 1:20:55]} 13. Bf4 {[%clk 1:29:06]} Rb8
{[%clk 1:17:36]} 14. Bh2 {[%clk 1:22:56]} Bb7 {[%clk 1:12:51]} 15. Qd2
{[%clk 1:09:58]} Nfe8 {[%clk 1:03:41]} 16. Rad1 {[%clk 1:08:30]} f6
{[%clk 1:03:08]} 17. Rb1 {[%clk 1:06:36]} a5 {[%clk 0:50:28]} 18. Qe2
{[%clk 1:03:37]} Bh6 {[%clk 0:50:24]} 19. Rbd1 {[%clk 0:56:20]} Rf7
{[%clk 0:40:46]} 20. Nd2 {[%clk 0:56:41]} Re7 {[%clk 0:39:21]} 21. Qf1
{[%clk 0:55:12]} Bc8 {[%clk 0:27:56]} 22. f4 {[%clk 0:53:53]} Rf7
{[%clk 0:26:15]} 23. Qe2 {[%clk 0:52:52]} Bg7 {[%clk 0:25:06]} 24. Nc4
{[%clk 0:50:48]} Re7 {[%clk 0:21:08]} 25. e5 {[%clk 0:49:55]} Ba6
{[%clk 0:15:12]} 26. Nxd6 {[%clk 0:40:24]} Nxd6 {[%clk 0:07:34]} 27. Bxa6
{[%clk 0:40:48]} Nxa6 {[%clk 0:05:12]} 28. Qxa6 {[%clk 0:41:12]} Qe8
{[%clk 0:04:15]} 29. Qe2 {[%clk 0:36:46]} Rd8 {[%clk 0:04:05]} 30. Nb5
{[%clk 0:34:53]} Nxb5 {[%clk 0:02:23]} 31. axb5 {[%clk 0:35:17]} f5
{[%clk 0:02:22]} 32. g4 {[%clk 0:32:01]} Qf8 {[%clk 0:01:04]} 33. Bg3
{[%clk 0:30:59]} Ree8 {[%clk 0:01:21]} 34. Bh4 {[%clk 0:29:14]} Rd7
{[%clk 0:01:26]} 35. e6 {[%clk 0:25:25]} Rd6 {[%clk 0:01:29]} 36. e7
{[%clk 0:21:16]} Qf7 {[%clk 0:00:49]} 37. Qe6 {[%clk 0:20:45]} Bd4+
{[%clk 0:00:42]} 38. Rxd4 {[%clk 0:21:02]} Qxe6 {[%clk 0:00:35]} 39. Rxe6
{[%clk 0:21:27]} Rxe6 {[%clk 0:00:39]} 40. dxe6 {[%clk 0:51:51]} cxd4
{[%clk 0:30:55]} 41. Bf6 {[%clk 0:52:03]} fxg4 {[%clk 0:27:39]} 42. hxg4
{[%clk 0:52:29]} h5 {[%clk 0:28:06]} 43. gxh5 {[%clk 0:52:46]} Kh7
{[%clk 0:26:47]} 44. Bg5 {[%clk 0:52:53]} gxh5 {[%clk 0:24:31]} 45. f5
{[%clk 0:53:18]} Rg8 {[%clk 0:24:57]} 46. Kf2 {[%clk 0:53:33]} 1-0

[Event "WCO 2016"]
[Site "?"]
[Date "2016.09.13"]
[Round "11"]
[Board "36"]
[WhiteID "4442024"]
[White "Valderrama Quiceno Esteban Alb"]
[BlackID "4901541"]
[Black "Bilguun Sumiya"]
[Result "0-1"]
[BlackElo "2444"]
[WhiteElo "2427"]
[LiveChessVersion "1.4.8"]

1. e4 {[%clk 1:29:57]} c5 {[%clk 1:30:52]} 2. Nf3 {[%clk 1:30:12]} e6
{[%clk 1:31:13]} 3. d4 {[%clk 1:30:18]} cxd4 {[%clk 1:31:38]} 4. Nxd4
{[%clk 1:30:42]} a6 {[%clk 1:31:58]} 5. c4 {[%clk 1:29:47]} Qc7 {[%clk 1:31:54]}
6. Nc3 {[%clk 1:28:29]} Nf6 {[%clk 1:31:21]} 7. a3 {[%clk 1:27:00]} b6
{[%clk 1:31:22]} 8. Be3 {[%clk 1:25:51]} Bb7 {[%clk 1:31:32]} 9. f3
{[%clk 1:26:14]} d6 {[%clk 1:31:51]} 10. Be2 {[%clk 1:26:34]} Nbd7
{[%clk 1:32:08]} 11. O-O {[%clk 1:26:30]} Be7 {[%clk 1:32:21]} 12. Qd2
{[%clk 1:25:32]} O-O {[%clk 1:31:04]} 13. Rac1 {[%clk 1:25:49]} Rac8
{[%clk 1:31:17]} 14. b4 {[%clk 1:25:53]} Qb8 {[%clk 1:31:38]} 15. Rc2
{[%clk 1:24:00]} Bd8 {[%clk 1:29:43]} 16. Kh1 {[%clk 1:24:15]} Ne5
{[%clk 1:11:51]} 17. Na4 {[%clk 1:19:11]} Bc7 {[%clk 1:07:55]} 18. Bg1
{[%clk 0:52:24]} Rcd8 {[%clk 1:07:27]} 19. Nb3 {[%clk 0:49:00]} Ba8
{[%clk 1:02:56]} 20. Qe3 {[%clk 0:47:53]} d5 {[%clk 0:59:53]} 21. cxd5
{[%clk 0:36:23]} exd5 {[%clk 1:00:06]} 22. Qc1 {[%clk 0:36:33]} Nc4
{[%clk 0:55:17]} 23. Bxc4 {[%clk 0:25:19]} dxc4 {[%clk 0:54:08]} 24. Nd4
{[%clk 0:25:49]} Bf4 {[%clk 0:49:08]} 25. Qe1 {[%clk 0:25:41]} b5
{[%clk 0:41:02]} 26. Nc5 {[%clk 0:26:00]} Qe5 {[%clk 0:35:14]} 27. Ne2
{[%clk 0:24:14]} Nh5 {[%clk 0:32:14]} 28. Nxa6 {[%clk 0:11:25]} f5
{[%clk 0:30:23]} 29. Nc5 {[%clk 0:05:40]} fxe4 {[%clk 0:30:01]} 30. fxe4
{[%clk 0:04:11]} Bxe4 {[%clk 0:18:52]} 31. Nxf4 {[%clk 0:01:21]} Rxf4
{[%clk 0:19:14]} 32. Re2 {[%clk 0:01:33]} Rxf1 {[%clk 0:19:28]} 33. Qxf1
{[%clk 0:02:02]} Qf5 {[%clk 0:19:27]} 34. Rf2 {[%clk 0:01:29]} Qg6
{[%clk 0:18:52]} 35. Nxe4 {[%clk 0:00:56]} Qxe4 {[%clk 0:19:13]} 36. Rf5
{[%clk 0:01:24]} Qd3 {[%clk 0:08:49]} 37. Qf2 {[%clk 0:01:21]} Nf6
{[%clk 0:08:43]} 38. Rxb5 c3 {[%clk 0:08:15]} 39. Qb6 {[%clk 0:00:38]} h6
{[%clk 0:01:58]} 40. Rc5 {[%clk 0:30:39]} Ne4 {[%clk 0:31:33]} 41. Rc7
{[%clk 0:26:45]} Rd5 {[%clk 0:25:11]} 42. Qe6+ {[%clk 0:17:38]} Kh7
{[%clk 0:25:32]} 43. Qf7 {[%clk 0:15:35]} Rg5 {[%clk 0:25:49]} 44. Rc8
{[%clk 0:11:46]} Nf6 {[%clk 0:25:47]} 45. Qb7 {[%clk 0:04:57]} Qd2
{[%clk 0:24:58]} 46. Qc6 {[%clk 0:00:44]} Nd5 {[%clk 0:25:09]} 47. g3
{[%clk 0:00:47]} Qe2 {[%clk 0:25:28]} 0-1

[Event "WCO 2016"]
[Site "?"]
[Date "2016.09.13"]
[Round "11"]
[Board "1"]
[WhiteID "3203824"]
[White "Song Raymond"]
[BlackID "200018"]
[Black "Winants Luc"]
[Result "0-1"]
[BlackElo "2558"]
[WhiteElo "2170"]
[LiveChessVersion "1.4.8"]

1. e4 {[%clk 1:30:55]} e5 {[%clk 1:30:53]} 2. Nf3 {[%clk 1:31:17]} Nc6
{[%clk 1:31:19]} 3. d4 {[%clk 1:31:43]} exd4 {[%clk 1:31:40]} 4. Bc4
{[%clk 1:32:09]} Bc5 {[%clk 1:31:45]} 5. c3 {[%clk 1:32:35]} Nf6 {[%clk 1:32:08]}
6. e5 {[%clk 1:33:00]} d5 {[%clk 1:32:27]} 7. Bb5 {[%clk 1:33:24]} Ne4
{[%clk 1:32:44]} 8. cxd4 {[%clk 1:33:50]} Bb6 {[%clk 1:32:40]} 9. Be3
{[%clk 1:34:12]} O-O {[%clk 1:32:41]} 10. O-O {[%clk 1:34:37]} Ne7
{[%clk 1:30:45]} 11. Nh4 {[%clk 1:19:05]} a6 {[%clk 1:21:09]} 12. Be2
{[%clk 1:15:00]} Nc6 {[%clk 1:20:58]} 13. Nf3 {[%clk 1:15:09]} f6
{[%clk 1:20:34]} 14. exf6 {[%clk 1:15:05]} Nxf6 {[%clk 1:19:33]} 15. Nc3
{[%clk 1:14:10]} Ne7 {[%clk 1:15:27]} 16. Rc1 {[%clk 1:13:42]} c6
{[%clk 1:15:20]} 17. Ne5 {[%clk 1:06:06]} Nf5 {[%clk 1:14:55]} 18. Qd3
{[%clk 1:05:05]} Nxe3 {[%clk 1:12:19]} 19. fxe3 {[%clk 1:05:24]} Qe7
{[%clk 1:11:10]} 20. Kh1 {[%clk 1:03:49]} Be6 {[%clk 1:08:48]} 21. Bd1
{[%clk 1:01:17]} Bc7 {[%clk 1:04:51]} 22. Bc2 {[%clk 1:01:35]} g6
{[%clk 1:04:29]} 23. e4 {[%clk 0:53:11]} dxe4 {[%clk 0:54:13]} 24. Nxe4
{[%clk 0:53:37]} Nxe4 {[%clk 0:54:30]} 25. Qxe4 {[%clk 0:54:02]} Bd5
{[%clk 0:53:57]} 26. Qe3 {[%clk 0:51:54]} Qe6 {[%clk 0:48:23]} 27. Qg5
{[%clk 0:48:10]} Bxe5 {[%clk 0:40:22]} 28. dxe5 {[%clk 0:48:33]} Rae8
{[%clk 0:40:21]} 29. a3 {[%clk 0:37:07]} Rxf1+ {[%clk 0:38:23]} 30. Rxf1
{[%clk 0:37:35]} Qxe5 {[%clk 0:38:15]} 31. Qxe5 {[%clk 0:38:00]} Rxe5
{[%clk 0:38:37]} 32. Kg1 {[%clk 0:38:05]} Kg7 {[%clk 0:36:22]} 33. Bd3
{[%clk 0:34:51]} Re3 {[%clk 0:32:26]} 34. Rd1 {[%clk 0:35:00]} Kf6
{[%clk 0:32:43]} 35. Kf2 {[%clk 0:35:17]} Re5 {[%clk 0:32:51]} 36. Rd2
{[%clk 0:33:14]} h6 {[%clk 0:31:14]} 37. b4 {[%clk 0:26:57]} Rh5 {[%clk 0:29:36]}
38. h3 {[%clk 0:25:22]} Re5 {[%clk 0:28:07]} 39. Rc2 {[%clk 0:19:49]} g5
{[%clk 0:26:46]} 40. Bc4 {[%clk 0:49:01]} Bxc4 {[%clk 0:56:14]} 41. Rxc4
{[%clk 0:49:29]} Ke6 {[%clk 0:55:53]} 42. Rd4 {[%clk 0:49:19]} a5
{[%clk 0:55:32]} 43. Kf3 {[%clk 0:47:37]} axb4 {[%clk 0:54:52]} 44. axb4
{[%clk 0:40:38]} Rf5+ {[%clk 0:49:58]} 45. Ke3 {[%clk 0:39:22]} Rd5
{[%clk 0:49:34]} 46. Rc4 {[%clk 0:38:05]} Kd6 {[%clk 0:49:27]} 47. g3
{[%clk 0:29:57]} b5 {[%clk 0:43:59]} 48. Rc2 {[%clk 0:29:42]} c5 {[%clk 0:38:40]}
49. bxc5+ {[%clk 0:30:10]} Rxc5 {[%clk 0:39:05]} 50. Rd2+ {[%clk 0:29:37]} Kc6
{[%clk 0:38:36]} 51. Rf2 {[%clk 0:24:41]} Rd5 {[%clk 0:36:19]} 52. Ke4
{[%clk 0:23:00]} Rd6 {[%clk 0:35:38]} 53. h4 {[%clk 0:20:32]} gxh4
{[%clk 0:35:58]} 54. gxh4 {[%clk 0:20:59]} b4 {[%clk 0:36:10]} 55. Rf5
{[%clk 0:20:12]} Kb6 {[%clk 0:35:29]} 56. Ke5 {[%clk 0:16:01]} Kc5
{[%clk 0:34:23]} 57. Rf1 {[%clk 0:13:56]} Rb6 {[%clk 0:33:44]} 58. Kf5
{[%clk 0:13:05]} b3 {[%clk 0:33:56]} 59. Kg4 {[%clk 0:13:32]} b2 {[%clk 0:33:52]}
60. Kh5 {[%clk 0:13:56]} Kc4 {[%clk 0:33:46]} 61. Rb1 {[%clk 0:14:10]} Kb3
{[%clk 0:34:00]} 0-1

[Event "WCO 2016"]
[Site "?"]
[Date "2016.09.13"]
[Round "11"]
[Board "2"]
[WhiteID "204412"]
[White "Vandenbussche Thibaut"]
[BlackID "16300440"]
[Black "Yang ching Wei, Austin"]
[Result "1-0"]
[BlackElo "1997"]
[WhiteElo "2401"]
[LiveChessVersion "1.4.8"]

1. e4 {[%clk 1:30:57]} c5 {[%clk 1:30:49]} 2. Nf3 {[%clk 1:31:23]} e6
{[%clk 1:30:53]} 3. d4 {[%clk 1:31:48]} cxd4 {[%clk 1:31:16]} 4. Nxd4
{[%clk 1:32:16]} a6 {[%clk 1:31:38]} 5. Nc3 {[%clk 1:32:40]} Qc7 {[%clk 1:31:56]}
6. g3 {[%clk 1:32:49]} b5 {[%clk 1:28:15]} 7. Bg2 {[%clk 1:32:43]} Bb7
{[%clk 1:28:39]} 8. O-O {[%clk 1:32:42]} Nf6 {[%clk 1:26:09]} 9. Re1
{[%clk 1:30:56]} d6 {[%clk 1:25:23]} 10. Nd5 {[%clk 1:26:08]} exd5
{[%clk 1:08:56]} 11. exd5+ {[%clk 1:26:29]} Kd8 {[%clk 1:09:24]} 12. Bg5
{[%clk 1:26:44]} Nbd7 {[%clk 1:03:02]} 13. Nc6+ {[%clk 1:26:41]} Bxc6
{[%clk 0:50:45]} 14. dxc6 {[%clk 1:26:42]} Nc5 {[%clk 0:48:45]} 15. a4
{[%clk 1:21:40]} b4 {[%clk 0:41:12]} 16. Bxf6+ {[%clk 1:21:10]} gxf6
{[%clk 0:41:34]} 17. Qh5 {[%clk 1:21:33]} Ra7 {[%clk 0:29:05]} 18. Re3
{[%clk 1:10:02]} Qb6 {[%clk 0:27:02]} 19. Rae1 {[%clk 1:04:22]} Ne6
{[%clk 0:26:40]} 20. Bd5 {[%clk 1:01:52]} Qc5 {[%clk 0:21:21]} 21. c3
{[%clk 0:53:14]} a5 {[%clk 0:19:00]} 22. Re4 {[%clk 0:41:26]} Re7
{[%clk 0:05:53]} 23. cxb4 {[%clk 0:41:44]} axb4 {[%clk 0:06:04]} 24. Rc4
{[%clk 0:41:43]} Qa5 {[%clk 0:05:12]} 25. Qf3 {[%clk 0:33:54]} Rg8
{[%clk 0:04:42]} 26. Bxe6 {[%clk 0:14:32]} fxe6 {[%clk 0:05:11]} 27. c7+
{[%clk 0:10:57]} Rxc7 {[%clk 0:04:39]} 28. Qxf6+ {[%clk 0:10:10]} Be7
{[%clk 0:04:15]} 29. Qxe6 {[%clk 0:10:02]} Rf8 {[%clk 0:03:52]} 30. Rec1
{[%clk 0:08:50]} Qa7 {[%clk 0:03:08]} 31. R1c2 {[%clk 0:06:37]} Rf6
{[%clk 0:01:57]} 32. Rxc7 {[%clk 0:04:51]} Qxc7 {[%clk 0:02:03]} 33. Qe4
{[%clk 0:03:51]} Qa5 {[%clk 0:01:29]} 34. Qc6 {[%clk 0:03:23]} Qf5
{[%clk 0:00:37]} 35. Qa8+ {[%clk 0:03:42]} 1-0

[Event "WCO 2016"]
[Site "?"]
[Date "2016.09.13"]
[Round "11"]
[Board "3"]
[WhiteID "16300416"]
[White "Liu Yeh Yang"]
[BlackID "209511"]
[Black "Soors Stef"]
[Result "1-0"]
[BlackElo "2398"]
[WhiteElo "2009"]
[LiveChessVersion "1.4.8"]

1. e4 {[%clk 1:30:57]} c6 {[%clk 1:30:53]} 2. d4 {[%clk 1:31:25]} d5
{[%clk 1:31:15]} 3. Nc3 {[%clk 1:31:50]} dxe4 {[%clk 1:31:36]} 4. Nxe4
{[%clk 1:32:17]} Bf5 {[%clk 1:31:55]} 5. Ng3 {[%clk 1:32:43]} Bg6
{[%clk 1:32:18]} 6. Nf3 {[%clk 1:33:11]} e6 {[%clk 1:32:25]} 7. Bc4
{[%clk 1:33:28]} Nf6 {[%clk 1:32:00]} 8. O-O {[%clk 1:33:52]} Nbd7
{[%clk 1:25:37]} 9. Re1 {[%clk 1:34:20]} Be7 {[%clk 1:21:03]} 10. c3
{[%clk 1:34:48]} Nd5 {[%clk 1:15:02]} 11. Ne4 {[%clk 1:28:41]} a5
{[%clk 1:09:41]} 12. a4 {[%clk 1:28:04]} O-O {[%clk 1:03:07]} 13. Qb3
{[%clk 1:25:12]} h6 {[%clk 0:47:59]} 14. Bd2 {[%clk 1:17:12]} Qc7
{[%clk 0:46:39]} 15. Rad1 {[%clk 1:17:35]} Rfb8 {[%clk 0:34:01]} 16. g3
{[%clk 1:07:29]} Re8 {[%clk 0:30:20]} 17. Bc1 {[%clk 1:07:33]} Bh5
{[%clk 0:27:27]} 18. Rd3 {[%clk 1:05:29]} Rac8 {[%clk 0:24:03]} 19. Kg2
{[%clk 1:04:12]} Bf8 {[%clk 0:17:18]} 20. h3 {[%clk 0:57:46]} f6 {[%clk 0:15:54]}
21. Ned2 {[%clk 0:54:21]} Bg6 {[%clk 0:13:29]} 22. Bxd5 {[%clk 0:52:07]} Bxd3
{[%clk 0:11:56]} 23. Bxe6+ {[%clk 0:52:35]} Kh8 {[%clk 0:12:08]} 24. c4
{[%clk 0:49:43]} Bh7 {[%clk 0:12:14]} 25. c5 {[%clk 0:50:11]} Rcd8
{[%clk 0:05:25]} 26. Nc4 {[%clk 0:50:11]} Nxc5 {[%clk 0:01:38]} 27. dxc5
{[%clk 0:50:23]} Bxc5 {[%clk 0:02:07]} 28. Bf4 {[%clk 0:50:03]} Qe7
{[%clk 0:02:35]} 29. Bf5 {[%clk 0:39:26]} Qf7 {[%clk 0:01:31]} 30. Rxe8+
{[%clk 0:39:41]} Rxe8 {[%clk 0:01:49]} 31. Bxh7 {[%clk 0:40:06]} Kxh7
{[%clk 0:02:01]} 32. Nxa5 {[%clk 0:38:18]} Qxb3 {[%clk 0:02:29]} 33. Nxb3
{[%clk 0:38:40]} Bb6 {[%clk 0:02:37]} 34. a5 {[%clk 0:38:33]} Ba7
{[%clk 0:03:02]} 35. Kf1 {[%clk 0:38:26]} Re4 {[%clk 0:02:32]} 36. Bd2
{[%clk 0:38:17]} g5 {[%clk 0:01:50]} 37. Nc1 {[%clk 0:32:05]} Bc5
{[%clk 0:00:35]} 38. Nd3 {[%clk 0:32:17]} Bd6 {[%clk 0:01:02]} 39. g4
{[%clk 0:30:59]} Kg6 {[%clk 0:01:17]} 40. Bc3 {[%clk 1:01:03]} Be7
{[%clk 0:30:48]} 41. Nd4 {[%clk 0:58:41]} Bf8 {[%clk 0:27:02]} 42. f3
{[%clk 0:58:29]} Re8 {[%clk 0:26:54]} 43. Nf5 {[%clk 0:58:38]} h5
{[%clk 0:26:23]} 44. Nf2 {[%clk 0:58:21]} hxg4 {[%clk 0:25:35]} 45. hxg4
{[%clk 0:58:49]} b6 {[%clk 0:21:02]} 46. axb6 {[%clk 0:58:57]} Rb8
{[%clk 0:19:17]} 47. Ne4 {[%clk 0:59:14]} Rxb6 {[%clk 0:19:12]} 48. Nxf6
{[%clk 0:58:21]} Bb4 {[%clk 0:18:49]} 49. Nd7 {[%clk 0:58:45]} Rb5
{[%clk 0:17:58]} 50. Nd4 {[%clk 0:56:13]} Rb7 {[%clk 0:16:56]} 51. Nxc6
{[%clk 0:56:18]} Bxc3 {[%clk 0:15:49]} 52. bxc3 {[%clk 0:56:46]} Rb1+
{[%clk 0:14:33]} 53. Ke2 {[%clk 0:57:07]} Kf7 {[%clk 0:15:00]} 54. Nc5
{[%clk 0:56:44]} Rb6 {[%clk 0:14:35]} 55. Nd4 {[%clk 0:56:27]} 1-0

[Event "WCO 2016"]
[Site "?"]
[Date "2016.09.13"]
[Round "11"]
[Board "4"]
[WhiteID "209317"]
[White "Hamblok Roel"]
[BlackID "16300203"]
[Black "Min Po-Yen"]
[Result "1/2-1/2"]
[BlackElo "1842"]
[WhiteElo "2282"]
[LiveChessVersion "1.4.8"]

1. d4 {[%clk 1:30:56]} Nf6 {[%clk 1:30:33]} 2. Bf4 {[%clk 1:31:16]} d5
{[%clk 1:30:35]} 3. e3 {[%clk 1:31:38]} e6 {[%clk 1:29:43]} 4. Nd2
{[%clk 1:31:56]} c5 {[%clk 1:29:54]} 5. c3 {[%clk 1:32:21]} Nc6 {[%clk 1:28:47]}
6. Ngf3 {[%clk 1:32:42]} Bd6 {[%clk 1:25:23]} 7. Bg3 {[%clk 1:33:07]} Bxg3
{[%clk 1:23:21]} 8. hxg3 {[%clk 1:33:31]} cxd4 {[%clk 1:22:42]} 9. exd4
{[%clk 1:33:50]} Qc7 {[%clk 1:20:02]} 10. Bb5 {[%clk 1:29:32]} O-O
{[%clk 1:16:49]} 11. Qe2 {[%clk 1:27:17]} a6 {[%clk 0:48:25]} 12. Bd3
{[%clk 1:23:45]} h6 {[%clk 0:45:35]} 13. O-O {[%clk 1:06:58]} Ng4
{[%clk 0:36:25]} 14. Rae1 {[%clk 1:05:21]} e5 {[%clk 0:28:17]} 15. dxe5
{[%clk 0:50:19]} Re8 {[%clk 0:28:30]} 16. Bb1 {[%clk 0:45:55]} Ngxe5
{[%clk 0:26:18]} 17. Nxe5 {[%clk 0:44:50]} Nxe5 {[%clk 0:23:43]} 18. Qd1
{[%clk 0:41:57]} Bd7 {[%clk 0:21:56]} 19. Re3 {[%clk 0:33:42]} Nc4
{[%clk 0:18:12]} 20. Rxe8+ {[%clk 0:30:02]} Rxe8 {[%clk 0:18:36]} 21. Nf3
{[%clk 0:30:11]} Qc5 {[%clk 0:14:45]} 22. Nd4 {[%clk 0:27:57]} Nd6
{[%clk 0:13:04]} 23. Qf3 {[%clk 0:25:26]} Ne4 {[%clk 0:10:43]} 24. Rd1
{[%clk 0:22:04]} Qb6 {[%clk 0:07:18]} 25. b3 {[%clk 0:12:24]} Qa5
{[%clk 0:04:32]} 26. Rc1 {[%clk 0:05:03]} Nxc3 {[%clk 0:02:57]} 27. Qxc3
{[%clk 0:00:37]} Qxc3 {[%clk 0:03:23]} 28. Rxc3 {[%clk 0:01:05]} Re1+
{[%clk 0:03:47]} 29. Kh2 {[%clk 0:01:32]} Rxb1 {[%clk 0:04:13]} 30. Rc7
{[%clk 0:01:58]} Rd1 {[%clk 0:04:39]} 31. Rxb7 {[%clk 0:01:25]} Rxd4
{[%clk 0:03:30]} 32. Rxd7 {[%clk 0:01:54]} Rd2 {[%clk 0:03:11]} 33. Rd8+
{[%clk 0:02:13]} Kh7 {[%clk 0:03:36]} 34. a4 {[%clk 0:02:21]} d4 {[%clk 0:03:17]}
35. b4 {[%clk 0:02:36]} d3 {[%clk 0:03:29]} 36. b5 {[%clk 0:01:29]} axb5
{[%clk 0:03:54]} 37. axb5 {[%clk 0:01:58]} Rb2 {[%clk 0:04:15]} 38. Rxd3
{[%clk 0:02:19]} Rxb5 {[%clk 0:04:41]} 1/2-1/2

[Event "WCO 2016"]
[Site "?"]
[Date "2016.09.13"]
[Round "11"]
[Board "1"]
[WhiteID "10601457"]
[White "Amin Bassem"]
[BlackID "11000120"]
[Black "Makoto Rodwell"]
[Result "1-0"]
[BlackElo "2405"]
[WhiteElo "2661"]
[LiveChessVersion "1.4.8"]

1. e4 {[%clk 1:28:51]} e5 {[%clk 1:29:08]} 2. Nf3 {[%clk 1:29:09]} Nc6
{[%clk 1:29:26]} 3. Bc4 {[%clk 1:29:18]} Bc5 {[%clk 1:29:36]} 4. O-O
{[%clk 1:29:38]} Nf6 {[%clk 1:26:03]} 5. d3 {[%clk 1:30:00]} d6 {[%clk 1:26:14]}
6. c3 {[%clk 1:30:17]} O-O {[%clk 1:25:48]} 7. a4 {[%clk 1:30:00]} a5
{[%clk 1:21:59]} 8. Bg5 {[%clk 1:29:54]} Bb6 {[%clk 1:18:58]} 9. Nbd2
{[%clk 1:28:33]} Ne7 {[%clk 1:17:37]} 10. Nh4 {[%clk 1:24:00]} Bg4
{[%clk 1:08:57]} 11. Ndf3 {[%clk 1:10:38]} d5 {[%clk 1:05:34]} 12. exd5
{[%clk 1:10:12]} Nexd5 {[%clk 0:58:55]} 13. h3 {[%clk 1:07:49]} Bxf3
{[%clk 0:54:59]} 14. Qxf3 {[%clk 1:08:09]} c6 {[%clk 0:54:43]} 15. Nf5
{[%clk 1:07:11]} Qd7 {[%clk 0:51:44]} 16. Bxd5 {[%clk 0:47:13]} Nxd5
{[%clk 0:50:03]} 17. Qg4 {[%clk 0:46:55]} Qe6 {[%clk 0:43:22]} 18. Be7
{[%clk 0:46:43]} g6 {[%clk 0:41:46]} 19. Nh6+ {[%clk 0:46:45]} 1-0